Statistics for Largest Cities in the World in 1900 (with a map)

Click here to take the quiz!

General Stats

  • This quiz has been taken 1,083 times
  • The average score is 10 of 10

Answers on the Map

Answers color-coded by a green-red scale on the quiz's map according to % correct below.
 

Answer Stats

PopulationCity% Correct
6.48 milLondon
100%
4.24 milNew York
100%
2.70 milBerlin
99%
3.33 milParis
99%
1.50 milTokyo
99%
1.71 milChicago
97%
1.43 milSt. Petersburg
97%
1.70 milVienna
96%
1.43 milManchester
92%
1.42 milPhiladelphia
88%

Score Distribution

Percentile by Number Answered

Percent of People with Each Score

Your Score History

You have not taken this quiz